[Event "SVK-chT5 A22 2223"]
[Site "Slovakia"]
[Date "2023.01.21"]
[Round "5.1"]
[White "Gazovic, Lukas"]
[Black "Dobis, Pavol"]
[Result "1-0"]
[WhiteElo "1594"]
[BlackElo "1510"]
[PlyCount "35"]
[EventDate "2022.10.15"]
[EventType "team-tourn"]
[EventRounds "9"]
[EventCountry "SVK"]
[SourceTitle "EXT 2024"]
[Source "ChessBase"]
[SourceDate "2023.10.10"]
[SourceVersion "1"]
[SourceVersionDate "2023.10.10"]
[SourceQuality "1"]
[WhiteTeam "Hlohovec III"]
[BlackTeam "Modranka Komplet Seniors"]
[WhiteTeamCountry "SVK"]
[BlackTeamCountry "SVK"]

1. e4 c5 2. Nf3 d6 3. Nc3 Nc6 4. Bb5 Bd7 5. d3 a6 6. Bc4 e6 7. a3 Nf6 8. 0-0 Be7 9. Re1 0-0 10. e5 dxe5 11. Nxe5 Nxe5 12. Rxe5 Qc7 13. Re3 Bd6 14. Rh3 Be7 15. Bg5 e5 16. Rg3 Bf5 17. Qf3 g6 18. Bxf6 1-0

[Event "SVK-chT3A2 1819"]
[Site "Slovakia"]
[Date "2019.03.24"]
[Round "11.5"]
[White "Doucha, Ludvig"]
[Black "Dobis, Pavol"]
[Result "1/2-1/2"]
[WhiteElo "1847"]
[BlackElo "1572"]
[PlyCount "100"]
[EventDate "2018.10.07"]
[EventType "team-tourn"]
[EventRounds "11"]
[EventCountry "SVK"]
[SourceTitle "EXT 2020"]
[Source "ChessBase"]
[SourceDate "2019.10.17"]
[SourceVersion "1"]
[SourceVersionDate "2019.10.17"]
[SourceQuality "1"]
[WhiteTeam "Trnava Lokomotiva II"]
[BlackTeam "Modranka Komplet"]
[WhiteTeamCountry "SVK"]
[BlackTeamCountry "SVK"]

1. Nf3 d6 2. d4 e6 3. e4 Nf6 4. Bg5 Be7 5. Nbd2 h6 6. Bh4 Nc6 7. c3 a6 8. a4 Bd7 9. Bd3 e5 10. d5 Nb8 11. Bxf6 Bxf6 12. h3 c6 13. Nc4 Be7 14. a5 0-0 15. Nb6 Ra7 16. 0-0 Be8 17. Nd2 Nd7 18. Ndc4 Nf6 19. Qe2 c5 20. f4 exf4 21. e5 Nd7 22. exd6 Bg5 23. Rxf4 Bxf4 24. Qe4 Nf6 25. Qxf4 Bb5 26. Rf1 Nd7 27. Qe4 g6 28. Re1 Bxc4 29. Nxc4 Ra8 30. Qe7 Re8 31. Qxe8+ Qxe8 32. Rxe8+ Rxe8 33. Kf2 Kg7 34. g4 Ne5 35. Nxe5 Rxe5 36. Be4 Kf8 37. d7 Ke7 38. d6+ Kxd7 39. Bxb7 Kxd6 40. Bxa6 Re8 41. Bb7 Kc7 42. a6 Kb6 43. b4 cxb4 44. cxb4 g5 45. b5 f6 46. Bc6 Re5 47. Kf3 Rc5 48. Ke4 Rc3 49. Kf5 Rxh3 50. Kxf6 Rg3 1/2-1/2

[Event "SVK-chT4 A22 1819"]
[Site "Slovakia"]
[Date "2019.02.17"]
[Round "9.2"]
[White "Dobis, Pavol"]
[Black "Stefik, Miroslav"]
[Result "1/2-1/2"]
[WhiteElo "1553"]
[BlackElo "1612"]
[PlyCount "104"]
[EventDate "2018.10.14"]
[EventType "team-tourn"]
[EventRounds "11"]
[EventCountry "SVK"]
[SourceTitle "EXT 2020"]
[Source "ChessBase"]
[SourceDate "2019.10.17"]
[SourceVersion "1"]
[SourceVersionDate "2019.10.17"]
[SourceQuality "1"]

1. d4 d6 2. c4 e6 3. e3 b6 4. Nf3 Bb7 5. Bd3 g6 6. 0-0 Bg7 7. Nbd2 Ne7 8. b4 Nd7 9. Qc2 0-0 10. Rb1 c5 11. dxc5 dxc5 12. b5 Nf5 13. Be4 Rb8 14. Bxb7 Rxb7 15. Bb2 f6 16. Qe4 Nd6 17. Qxe6+ Nf7 18. Qd5 Qc8 19. Ne4 Kh8 20. Rfd1 Nde5 21. Nxe5 fxe5 22. Nd6 Nxd6 23. Qxd6 Qf5 24. f3 Rbf7 25. e4 Qg5 26. Bc1 Qh4 27. Rb3 g5 28. Qd2 h6 29. Qf2 Qh5 30. Qe2 Qg6 31. Rbd3 Qe6 32. Rd6 Qc8 33. Qd3 Kh7 34. Rd8 Rxd8 35. Qxd8 Qe6 36. Qd5 Qf6 37. Qd6 Kg6 38. Qxf6+ Rxf6 39. Rd7 Rf7 40. Rd6+ Rf6 41. Rxf6+ Bxf6 42. g4 h5 43. h3 h4 44. Kf2 Kf7 45. Ke2 Ke6 46. Kd3 Kd6 47. Kc3 Kd7 48. Kb3 Kd6 49. Bb2 Kd7 50. a4 Kd6 51. a5 Kd7 52. Ka4 Kd6 1/2-1/2

[Event "SVK-chT4 A22 1819"]
[Site "Slovakia"]
[Date "2019.02.03"]
[Round "8.5"]
[White "Fajnor, Dusan"]
[Black "Dobis, Pavol"]
[Result "0-1"]
[WhiteElo "1663"]
[BlackElo "1553"]
[PlyCount "96"]
[EventDate "2018.10.14"]
[EventType "team-tourn"]
[EventRounds "11"]
[EventCountry "SVK"]
[SourceTitle "EXT 2020"]
[Source "ChessBase"]
[SourceDate "2019.10.17"]
[SourceVersion "1"]
[SourceVersionDate "2019.10.17"]
[SourceQuality "1"]

1. d4 d5 2. c4 e6 3. Nc3 Nf6 4. Bg5 Be7 5. Nf3 h6 6. Bh4 c5 7. e3 0-0 8. Bd3 Nc6 9. cxd5 Nxd5 10. Bxe7 Qxe7 11. 0-0 Rd8 12. Nxd5 exd5 13. Qc2 c4 14. Be2 Be6 15. Rfc1 Qd7 16. Qd2 Re8 17. Rc3 Bf5 18. Rac1 b5 19. a3 Qd8 20. Bd1 Be4 21. Qe2 Qf6 22. Qd2 Re6 23. Ne1 Rae8 24. Bf3 Qg5 25. Bxe4 dxe4 26. b3 Na5 27. bxc4 Nxc4 28. Qc2 h5 29. a4 a6 30. axb5 axb5 31. g3 h4 32. Ng2 h3 33. Nf4 Rh6 34. Rb3 Qf5 35. f3 g5 36. fxe4 Rxe4 37. Rxb5 Qxb5 38. Nxh3 Rxe3 39. Nxg5 Qxg5 40. Qxc4 Rhe6 41. Rf1 Re1 42. Kg2 Rxf1 43. Kxf1 Qe3 44. Qb4 Qf3+ 45. Kg1 Re2 46. Qb8+ Kg7 47. Qe5+ Rxe5 48. dxe5 Kg6 0-1

[Event "SVK-chT4 A22 1819"]
[Site "Slovakia"]
[Date "2018.10.28"]
[Round "2.2"]
[White "Karel, Branislav"]
[Black "Dobis, Pavol"]
[Result "0-1"]
[WhiteElo "1396"]
[BlackElo "1553"]
[PlyCount "94"]
[EventDate "2018.10.14"]
[EventType "team-tourn"]
[EventRounds "11"]
[EventCountry "SVK"]
[SourceTitle "EXT 2020"]
[Source "ChessBase"]
[SourceDate "2019.10.17"]
[SourceVersion "1"]
[SourceVersionDate "2019.10.17"]
[SourceQuality "1"]

1. d4 d5 2. c4 e6 3. Nc3 Nf6 4. Bg5 Be7 5. Nf3 h6 6. Bh4 c5 7. cxd5 Nxd5 8. Bxe7 Qxe7 9. e3 Nxc3 10. bxc3 Nc6 11. Bd3 a6 12. a4 0-0 13. 0-0 Bd7 14. Qb3 cxd4 15. cxd4 Rab8 16. Qb6 Qd8 17. Rfb1 Qxb6 18. Rxb6 Rfc8 19. h3 Ne7 20. Rab1 Nd5 21. Rxb7 Rxb7 22. Rxb7 Bxa4 23. Bxa6 Ra8 24. Bd3 Bc6 25. Rb2 Nf6 26. Nd2 g6 27. Nc4 Bd5 28. Ne5 Ne8 29. Rc2 Kg7 30. f4 f5 31. Bb5 Nd6 32. Rc7+ Kg8 33. Bc6 Bxc6 34. Rxc6 Nf7 35. Rxe6 Nxe5 36. dxe5 Kf7 37. g3 Kxe6 38. Kf2 Ra2+ 39. Kf3 Ra3 40. g4 fxg4+ 41. Kxg4 Rxe3 42. h4 Re1 43. h5 Rg1+ 44. Kh4 Kf5 45. e6 Kxe6 46. hxg6 Rxg6 47. Kh5 Kf5 0-1

[Event "SVK-chT4 A22 1617"]
[Site "Slovakia"]
[Date "2016.11.06"]
[Round "3.2"]
[White "Mezes, Kristof"]
[Black "Dobis, Pavol"]
[Result "1/2-1/2"]
[WhiteElo "1435"]
[BlackElo "1645"]
[PlyCount "76"]
[EventDate "2016.10.09"]
[EventType "team-tourn"]
[EventRounds "11"]
[EventCountry "SVK"]
[SourceTitle "EXT 2020"]
[Source "ChessBase"]
[SourceDate "2019.10.17"]
[SourceVersion "1"]
[SourceVersionDate "2019.10.17"]
[SourceQuality "1"]

1. d4 d5 2. c4 e6 3. Nc3 Nf6 4. Bg5 Be7 5. Nf3 h6 6. Bh4 0-0 7. e3 c5 8. dxc5 Bxc5 9. cxd5 exd5 10. Nxd5 Qa5+ 11. Nc3 Ne4 12. Qc2 Nxc3 13. bxc3 Qb6 14. Be2 Nc6 15. 0-0 Re8 16. Rab1 Qc7 17. Rfd1 Bd6 18. Rd2 g5 19. Rbd1 Re6 20. Bg3 Bxg3 21. hxg3 Rg6 22. Bd3 Rg7 23. Be4 Be6 24. Qa4 f5 25. Bxc6 Qxc6 26. Qxc6 bxc6 27. Rd6 Bxa2 28. Rxc6 a5 29. Rd2 Bf7 30. Rdd6 a4 31. Ra6 Rxa6 32. Rxa6 Bb3 33. Nd4 Rc7 34. Ne2 Kh7 35. Ra5 Rd7 36. Nd4 Rc7 37. Ne2 Rd7 38. Nd4 Rc7 1/2-1/2

[Event "SVK-chT3A2 1516"]
[Site "Slovakia"]
[Date "2015.10.25"]
[Round "2.4"]
[White "Diviak, Rudolf"]
[Black "Dobis, Pavol"]
[Result "1-0"]
[WhiteElo "1811"]
[BlackElo "1737"]
[PlyCount "47"]
[EventDate "2015.10.11"]
[EventType "team-tourn"]
[EventRounds "11"]
[EventCountry "SVK"]
[SourceTitle "EXT 2020"]
[Source "ChessBase"]
[SourceDate "2019.10.17"]
[SourceVersion "1"]
[SourceVersionDate "2019.10.17"]
[SourceQuality "1"]
[WhiteTeam "Senica CVC"]
[BlackTeam "Modranka Komplet"]
[WhiteTeamCountry "SVK"]
[BlackTeamCountry "SVK"]

1. e4 c5 2. Bc4 d6 3. c3 Nc6 4. Bb3 e6 5. Qe2 a6 6. Nf3 Nf6 7. d3 h6 8. 0-0 Be7 9. Re1 0-0 10. Nbd2 b5 11. d4 cxd4 12. cxd4 Bb7 13. Nf1 Rc8 14. Ng3 Rc7 15. Bd2 Qc8 16. Rac1 d5 17. Bf4 Rd7 18. e5 Ne8 19. Bc2 f5 20. exf6 Nxf6 21. Qxe6+ Kh8 22. Qh3 Bd6 23. Ne5 Rc7 24. Ng6+ 1-0